|
|
|
|
| LEADER |
00000ckm a2200000 a 4500 |
| 001 |
vtls001203513 |
| 003 |
SK-MaSNL |
| 005 |
20260331202928.0 |
| 007 |
kf co |
| 008 |
180703s1989 xo g 0kuslo |
| 015 |
|
|
|a SNBG1989
|
| 035 |
|
|
|a SNK000146583
|
| 040 |
|
|
|a SNK
|b slo
|c SNK
|e AACR2
|
| 041 |
0 |
|
|a slo
|
| 043 |
|
|
|a e-xo---
|
| 044 |
|
|
|a xo
|c SK
|
| 072 |
|
7 |
|a 913
|x Regionálna geografia
|2 konspekt
|
| 080 |
|
|
|a 913(437.6)
|2 2011
|
| 080 |
|
|
|a 908(437.6)
|2 2011
|
| 080 |
|
|
|a (084.121)
|2 2011
|
| 080 |
|
|
|a 640.412
|2 2011
|
| 080 |
|
|
|a 614.2:[725.1:614.21]
|2 2011
|
| 080 |
|
|
|a 725.84
|2 2011
|
| 080 |
|
|
|a 625.712.4
|2 2011
|
| 080 |
|
|
|a 711.61
|2 2011
|
| 080 |
|
|
|a 725.948
|2 2011
|
| 080 |
|
|
|a 721
|2 2011
|
| 080 |
|
|
|a 556.53
|2 2011
|
| 080 |
|
|
|a 502.51
|2 2011
|
| 080 |
|
|
|a (282.243)
|2 2011
|
| 100 |
1 |
|
|a Šmátrala, Milan
|c (fotograf)
|4 pht
|9 164919
|
| 245 |
1 |
0 |
|a Čs. štátne kúpele Piešťany
|h grafika
|c foto Milan Šmátrala, František Vrbovský
|
| 246 |
1 |
|
|i Názov na obrazovej časti:
|a Piešťany
|
| 260 |
|
|
|a Bratislava
|b Pravda
|c 1989
|e [Bratislava]
|f TZP-B
|
| 300 |
|
|
|a 1 pohľadnica (5 čiastkových pohľadov)
|b farebná
|c 11 x 15 cm
|
| 500 |
|
|
|a Na adresnej časti uvedené: "Čs. štátne kúpele Piešťany - svetoznáme kúpeľné mesto spomínané už v r. 1113. Prírodným liečivým zdrojom je termálna voda s bohatým obsahom sírnych zlúčenín a termálne sírne bahno"
|
| 520 |
8 |
|
|a Zobrazenie: Päť čiastkových pohľadov, každý v bielom orámovaní, všetky spolu na striebornom podklade. Vpravo je medzi pohľadmi vodorovne tmavomodrým písmom názov na striebornom podklade. Pohľad na mesto z výšky, spoza stromy v popredí. Hore zasahuje do záberu konár ihličnatého stromu. Vľavo v pozadí vidno Hotel Magnólia a vpravo od neho liečebné domy. Vľavo v pozadí sú za hotelom nižšie budovy, vpravo sú husté listnaté stromy. Pohľad na rekreané zariadenie spoločnosti SPP Váh. Vpravo v popredí sú na okraji cesty zaparkované dve osobné autá. Vpravo vidno časť koruny vysokého listnatého stromu. Pohľad na námestie, vľavo v popredí je fontána. Vľavo aj vpravo v pozadí sú poschodové budovy, medzi nimi je cesta. Pohľad na liečebné domy vľavo v rade za sebou. Vpravo pred nimi parkujú na okraji cesty osobné autá. V popredí vidno jednu osobu. Vľavo je pred poschodovou budovou strom. Vpravo hore zasahuje do záberu konár stromu. Pohľad na Hotel Magnólia za riekou Váh. Vľavo aj vpravo hore vidno konáre listnatých stromov. Okolo hotela vidno susedné budovy
|
| 610 |
2 |
7 |
|a Československé štátne kúpele (Piešťany, Slovensko)
|2 SNKKA
|9 101069
|
| 610 |
2 |
7 |
|a Hotel Magnólia (Piešťany, Slovensko)
|2 SNKKA
|9 296626
|
| 650 |
0 |
7 |
|a hotely
|2 SNKPH
|9 18422
|
| 650 |
0 |
7 |
|a liečebne
|2 SNKPH
|9 56920
|
| 650 |
0 |
7 |
|a rekreačné zariadenia
|2 SNKPH
|9 3012
|
| 650 |
0 |
7 |
|a námestia
|2 SNKPH
|9 26291
|
| 650 |
0 |
7 |
|a fontány
|2 SNKPH
|9 3014
|
| 650 |
0 |
7 |
|a budovy
|2 SNKPH
|9 1283
|
| 650 |
0 |
7 |
|a rieky
|2 SNKPH
|9 29644
|
| 651 |
|
7 |
|a Piešťany (Slovensko)
|2 SNKPHgeo
|9 23981
|
| 651 |
|
7 |
|a Váh (Slovensko : rieka)
|2 SNKPHgeo
|9 59387
|
| 655 |
|
7 |
|a geografické pohľadnice
|2 SNKPH
|9 70522
|
| 655 |
|
7 |
|a miestne pohľadnice
|2 SNKPH
|9 70510
|
| 700 |
1 |
|
|a Vrbovský, František
|c (fotograf)
|4 pht
|9 283300
|
| 958 |
|
|
|a GBN
|
| 958 |
|
|
|a GC
|
| 958 |
|
|
|a OND
|
| 999 |
|
|
|c 770489
|d 772419
|
| 952 |
|
|
|a SNK
|b SNK
|y PREZ
|7 0
|p 17A1289813
|o snkSP 141527
|i snk541/90
|0 0
|1 0
|4 0
|d 2021-10-14
|f 1
|l 0
|r 2026-02-24 00:33:15
|w 2026-02-24
|
| 952 |
|
|
|a SNK
|b SNK
|y PREZ
|7 0
|p 17A1289812
|o snkSP 141527 D1
|i snk542/90
|0 0
|1 0
|4 0
|d 2021-10-14
|l 0
|r 2026-02-24 00:33:15
|w 2026-02-24
|